| 000 | 01273nac a22003377a 4500 | ||
|---|---|---|---|
| 001 | BR5900142 | ||
| 003 | BR-BrBNA | ||
| 005 | 20240105112938.0 | ||
| 008 | 230509b bl.|||m| |||| 00| 0 por d | ||
| 040 |
_aBR-BrBNA _bpor _cBiblioteca Nacional de Agricultura |
||
| 072 | _aF22; F23; F60 | ||
| 090 | _a1440 BR5900142 | ||
| 100 | 1 | _aOliveira, L.B. de | |
| 110 | 1 |
_aInstituto Agronomico do Nordeste, Recife, PE (Brasil) _95625 |
|
| 111 | 1 |
_a7. Reuniao Brasileira de Ciencia do Solo _cPiracicaba, SP (Brazil) _d20 Jul 1959 |
|
| 245 | 1 | _aDeterminacao da umidade de murchamento de alguns tipos de solo do Nordeste [Analise do solo; Umidade do solo; Classificacao do solo; Feijao de corda; Vigna sinensis; Crescimento; Brasil] | |
| 260 | 3 |
_aRecife, PE (Brasil): _c1959. |
|
| 300 | _a79 p. | ||
| 490 |
_aBoletim Tecnico - Instituto Agronomico do Nordeste (Brazil) _vno. 8 _x |
||
| 500 | _a17 illus.; 5 tables; 8 ref.; Summaries (En, Pt) | ||
| 650 | _aFISICA DO SOLO | ||
| 650 | _aCLASSIFICACAO DO SOLO | ||
| 650 | _aFISIOLOGIA VEGETAL | ||
| 650 | _aFEIJAO DE CORDA | ||
| 650 | _aANALISE DO SOLO | ||
| 650 | _aUMIDADE DO SOLO | ||
| 650 | _aCRESCIMENTO | ||
| 650 | _aREGIAO NORDESTE | ||
| 909 |
_a202312 _bLúcia Elande _c55 _dLúcia Elande |
||
| 942 |
_2AGRIS _n0 _cMS |
||
| 999 |
_c261062 _d261062 |
||